Demographics of Adelaide 2021 - People born overseas by region - Statistics

General Stats
  • This quiz has been taken 34 times
  • The average score is 9 of 11
Answer Stats
Answer % Correct
China
100%
India
100%
United Kingdom
97%
Vietnam
90%
Italy
84%
Malaysia
74%
New Zealand
74%
Philippines
74%
Greece
71%
South Africa
65%
Afghanistan
39%
No matching quizzes found
Score Distribution
Percent of People with Each Score
Percentile by Number Answered
Your Score History
You have not taken this quiz